=LDR 00000nam 2200000 4500 =001 INLIS000000000810001 =005 20250925093113 =035 ##$$a 0010-0925000126 =008 250925###########################0#ind## =245 ##$$a Peningkatan Dan Pengayaan Matematika 2 /$c Prof Wahyudin =260 ##$:$b Ipa Abong =020 ##$$a 9789793077192 =084 ##$$a 516.2 DIN p =520 ##$$a MATEMATIKA =082 ##$$a 516.2